<?xml version="1.0" encoding="UTF-8"?>
<collection xmlns="http://www.loc.gov/MARC21/slim">
 <record>
  <leader>02562nam a22003257a 4500</leader>
  <controlfield tag="001">NCT_41948</controlfield>
  <controlfield tag="008">180615b        xxu||||| |||| 00| 0 vie d</controlfield>
  <datafield tag="999" ind1=" " ind2=" ">
   <subfield code="c">2015</subfield>
   <subfield code="d">2015</subfield>
  </datafield>
  <datafield tag="020" ind1=" " ind2=" ">
   <subfield code="a">9786040068118</subfield>
   <subfield code="c">65000</subfield>
  </datafield>
  <datafield tag="082" ind1="0" ind2="4">
   <subfield code="2">23rd ed.</subfield>
   <subfield code="a">519.2</subfield>
   <subfield code="b">T305</subfield>
  </datafield>
  <datafield tag="100" ind1="1" ind2=" ">
   <subfield code="a">Nguyễn Duy Tiến</subfield>
  </datafield>
  <datafield tag="245" ind1="1" ind2="0">
   <subfield code="a">Lý thuyết xác suất</subfield>
   <subfield code="c">Nguyễn Duy Tiến, Vũ Viết Yên</subfield>
  </datafield>
  <datafield tag="250" ind1=" " ind2=" ">
   <subfield code="a">tái bản lần thứ 7</subfield>
  </datafield>
  <datafield tag="260" ind1=" " ind2=" ">
   <subfield code="a">H.</subfield>
   <subfield code="b">Giáo dục Việt Nam</subfield>
   <subfield code="c">2016</subfield>
  </datafield>
  <datafield tag="300" ind1=" " ind2=" ">
   <subfield code="a">395 tr.</subfield>
   <subfield code="c">21cm</subfield>
  </datafield>
  <datafield tag="520" ind1="3" ind2=" ">
   <subfield code="a">Mục đích chính của cuốn sách này là cung cấp cho độc giả những kiến thức cơ bản nhất làm nền tảng cho xác suất thống kê. Vì thế cuốn sách này sẽ có ích cho các sinh viên và những ai muốn đi sâu nghiên cứu xác suất thống kê.</subfield>
  </datafield>
  <datafield tag="653" ind1=" " ind2=" ">
   <subfield code="a">khoa học cơ bản</subfield>
  </datafield>
  <datafield tag="700" ind1="1" ind2=" ">
   <subfield code="a">Vũ Viết Yên</subfield>
  </datafield>
  <datafield tag="942" ind1=" " ind2=" ">
   <subfield code="2">ddc</subfield>
   <subfield code="c">BK</subfield>
  </datafield>
  <datafield tag="952" ind1=" " ind2=" ">
   <subfield code="0">0</subfield>
   <subfield code="1">0</subfield>
   <subfield code="2">ddc</subfield>
   <subfield code="4">0</subfield>
   <subfield code="6">519_200000000000000_T305</subfield>
   <subfield code="7">0</subfield>
   <subfield code="9">10792</subfield>
   <subfield code="a">000001</subfield>
   <subfield code="b">000001</subfield>
   <subfield code="d">2018-06-15</subfield>
   <subfield code="o">519.2 T305</subfield>
   <subfield code="p">MD.10221</subfield>
   <subfield code="r">2018-06-15</subfield>
   <subfield code="v">65000.00</subfield>
   <subfield code="w">2018-06-15</subfield>
   <subfield code="y">BK</subfield>
  </datafield>
  <datafield tag="952" ind1=" " ind2=" ">
   <subfield code="0">0</subfield>
   <subfield code="1">0</subfield>
   <subfield code="2">ddc</subfield>
   <subfield code="4">0</subfield>
   <subfield code="6">519_200000000000000_T305</subfield>
   <subfield code="7">0</subfield>
   <subfield code="9">10793</subfield>
   <subfield code="a">000001</subfield>
   <subfield code="b">000001</subfield>
   <subfield code="d">2018-06-15</subfield>
   <subfield code="o">519.2 T305</subfield>
   <subfield code="p">MD.10222</subfield>
   <subfield code="r">2018-06-15</subfield>
   <subfield code="v">65000.00</subfield>
   <subfield code="w">2018-06-15</subfield>
   <subfield code="y">BK</subfield>
  </datafield>
  <datafield tag="952" ind1=" " ind2=" ">
   <subfield code="0">0</subfield>
   <subfield code="1">0</subfield>
   <subfield code="2">ddc</subfield>
   <subfield code="4">0</subfield>
   <subfield code="6">519_200000000000000_T305</subfield>
   <subfield code="7">0</subfield>
   <subfield code="9">10794</subfield>
   <subfield code="a">000001</subfield>
   <subfield code="b">000001</subfield>
   <subfield code="d">2018-06-15</subfield>
   <subfield code="l">1</subfield>
   <subfield code="o">519.2 T305</subfield>
   <subfield code="p">MD.10223</subfield>
   <subfield code="r">2019-04-08</subfield>
   <subfield code="s">2019-02-28</subfield>
   <subfield code="v">65000.00</subfield>
   <subfield code="w">2018-06-15</subfield>
   <subfield code="y">BK</subfield>
  </datafield>
  <datafield tag="952" ind1=" " ind2=" ">
   <subfield code="0">0</subfield>
   <subfield code="1">0</subfield>
   <subfield code="2">ddc</subfield>
   <subfield code="4">0</subfield>
   <subfield code="6">519_200000000000000_T305</subfield>
   <subfield code="7">0</subfield>
   <subfield code="9">10795</subfield>
   <subfield code="a">000001</subfield>
   <subfield code="b">000001</subfield>
   <subfield code="d">2018-06-15</subfield>
   <subfield code="o">519.2 T305</subfield>
   <subfield code="p">MD.10224</subfield>
   <subfield code="r">2018-06-15</subfield>
   <subfield code="v">65000.00</subfield>
   <subfield code="w">2018-06-15</subfield>
   <subfield code="y">BK</subfield>
  </datafield>
  <datafield tag="952" ind1=" " ind2=" ">
   <subfield code="0">0</subfield>
   <subfield code="1">0</subfield>
   <subfield code="2">ddc</subfield>
   <subfield code="4">0</subfield>
   <subfield code="6">519_200000000000000_T305</subfield>
   <subfield code="7">0</subfield>
   <subfield code="9">10796</subfield>
   <subfield code="a">000001</subfield>
   <subfield code="b">000001</subfield>
   <subfield code="d">2018-06-15</subfield>
   <subfield code="l">1</subfield>
   <subfield code="o">519.2 T305</subfield>
   <subfield code="p">MD.10225</subfield>
   <subfield code="r">2018-11-19</subfield>
   <subfield code="s">2018-11-07</subfield>
   <subfield code="v">65000.00</subfield>
   <subfield code="w">2018-06-15</subfield>
   <subfield code="y">BK</subfield>
  </datafield>
  <datafield tag="952" ind1=" " ind2=" ">
   <subfield code="0">0</subfield>
   <subfield code="1">0</subfield>
   <subfield code="2">ddc</subfield>
   <subfield code="4">0</subfield>
   <subfield code="6">519_200000000000000_T305</subfield>
   <subfield code="7">0</subfield>
   <subfield code="9">10797</subfield>
   <subfield code="a">000001</subfield>
   <subfield code="b">000001</subfield>
   <subfield code="d">2018-06-15</subfield>
   <subfield code="o">519.2 T305</subfield>
   <subfield code="p">MD.10226</subfield>
   <subfield code="r">2018-06-15</subfield>
   <subfield code="v">65000.00</subfield>
   <subfield code="w">2018-06-15</subfield>
   <subfield code="y">BK</subfield>
  </datafield>
  <datafield tag="952" ind1=" " ind2=" ">
   <subfield code="0">0</subfield>
   <subfield code="1">0</subfield>
   <subfield code="2">ddc</subfield>
   <subfield code="4">0</subfield>
   <subfield code="6">519_200000000000000_T305</subfield>
   <subfield code="7">0</subfield>
   <subfield code="9">10798</subfield>
   <subfield code="a">000001</subfield>
   <subfield code="b">000001</subfield>
   <subfield code="d">2018-06-15</subfield>
   <subfield code="o">519.2 T305</subfield>
   <subfield code="p">MD.10227</subfield>
   <subfield code="r">2018-06-15</subfield>
   <subfield code="v">65000.00</subfield>
   <subfield code="w">2018-06-15</subfield>
   <subfield code="y">BK</subfield>
  </datafield>
  <datafield tag="952" ind1=" " ind2=" ">
   <subfield code="0">0</subfield>
   <subfield code="1">0</subfield>
   <subfield code="2">ddc</subfield>
   <subfield code="4">0</subfield>
   <subfield code="6">519_200000000000000_T305</subfield>
   <subfield code="7">0</subfield>
   <subfield code="9">10799</subfield>
   <subfield code="a">000001</subfield>
   <subfield code="b">000001</subfield>
   <subfield code="d">2018-06-15</subfield>
   <subfield code="o">519.2 T305</subfield>
   <subfield code="p">MD.10228</subfield>
   <subfield code="r">2018-06-15</subfield>
   <subfield code="v">65000.00</subfield>
   <subfield code="w">2018-06-15</subfield>
   <subfield code="y">BK</subfield>
  </datafield>
  <datafield tag="952" ind1=" " ind2=" ">
   <subfield code="0">0</subfield>
   <subfield code="1">0</subfield>
   <subfield code="2">ddc</subfield>
   <subfield code="4">0</subfield>
   <subfield code="6">519_200000000000000_T305</subfield>
   <subfield code="7">0</subfield>
   <subfield code="9">10800</subfield>
   <subfield code="a">000001</subfield>
   <subfield code="b">000001</subfield>
   <subfield code="d">2018-06-15</subfield>
   <subfield code="o">519.2 T305</subfield>
   <subfield code="p">MD.10229</subfield>
   <subfield code="r">2018-06-15</subfield>
   <subfield code="v">65000.00</subfield>
   <subfield code="w">2018-06-15</subfield>
   <subfield code="y">BK</subfield>
  </datafield>
  <datafield tag="952" ind1=" " ind2=" ">
   <subfield code="0">0</subfield>
   <subfield code="1">0</subfield>
   <subfield code="2">ddc</subfield>
   <subfield code="4">0</subfield>
   <subfield code="6">519_200000000000000_T305</subfield>
   <subfield code="7">0</subfield>
   <subfield code="9">10801</subfield>
   <subfield code="a">000001</subfield>
   <subfield code="b">000001</subfield>
   <subfield code="d">2018-06-15</subfield>
   <subfield code="o">519.2 T305</subfield>
   <subfield code="p">MD.10230</subfield>
   <subfield code="r">2018-06-15</subfield>
   <subfield code="v">65000.00</subfield>
   <subfield code="w">2018-06-15</subfield>
   <subfield code="y">BK</subfield>
  </datafield>
  <datafield tag="980" ind1=" " ind2=" ">
   <subfield code="a">Thư viện Trường Đại học Nam Cần Thơ</subfield>
  </datafield>
 </record>
</collection>
